书目信息 |
| 题名: |
能源工程管理
|
|
| 作者: | 任有中 编 | |
| 分册: | ||
| 出版信息: | 北京 中国电力出版社 2004 |
|
| 页数: | 248页 | |
| 开本: | 24cm | |
| 丛书名: | 普通高等教育“十五”规划教材 | |
| 单 册: | ||
| 中图分类: | TK01 | |
| 科图分类: | ||
| 主题词: | 能源--neng yuan--管理--高等学校--教材 | |
| 电子资源: | ||
| ISBN: | 7-5083-2026-3 | |
| 000 | 00811cam 2200253 450 | |
| 001 | CAL 012004030298 | |
| 005 | 20060529160023.81 | |
| 010 | @a7-5083-2026-3@dCNY 25.00 | |
| 099 | @aCAL 012004030298 | |
| 100 | @a20040322d2004 ekmy0chiy0121 ea | |
| 101 | 0 | @achi |
| 102 | @aCN@b110000 | |
| 200 | 1 | @a能源工程管理@Aneng yuan gong cheng guan li@f任有中编 |
| 210 | @a北京@c中国电力出版社@d2004 | |
| 215 | @a248页@c图@d24cm | |
| 225 | 2 | @a普通高等教育“十五”规划教材@Apu tong gao deng jiao yu “ shi wu ” gui hua jiao cai |
| 320 | @a有书目 (第248页) | |
| 410 | 0 | @12001 @a普通高等教育“十五”规划教材 |
| 606 | 0 | @a能源@Aneng yuan@x管理@x高等学校@j教材 |
| 690 | @aTK01@v4 | |
| 701 | 0 | @a任有中@Aren you zhong@4编 |
| 801 | 0 | @aCN@bSJT@c20060529 |
| 801 | 2 | @aCN@bSEU@c20060429 |
| 905 | @a10447@dTK01@eR579 | |
| 能源工程管理/任有中编.-北京:中国电力出版社,2004 |
| 248页:图;24cm.-(普通高等教育“十五”规划教材) |
| ISBN 7-5083-2026-3:CNY 25.00 |
| ● |
| 相关链接 |
|
|
|
正题名:能源工程管理
索取号:TK01/R579
 
预约/预借
| 序号 | 登录号 | 条形码 | 馆藏地/架位号 | 状态 | 备注 |
| 1 | 602089 | 206020893 | 能源与建筑环境工程学院资料室/201建筑库 28排2列5层/ [索取号:TK01/R579] | 在馆 | |
| 2 | 602090 | 206020900 | 能源与建筑环境工程学院资料室/201建筑库 28排2列5层/ [索取号:TK01/R579] | 在馆 | |
| 3 | 602091 | 206020919 | 能源与建筑环境工程学院资料室/201建筑库 28排2列5层/ [索取号:TK01/R579] | 在馆 |